Man Utd Top Goalscorers of All Time - Statistics

General Stats
  • This quiz has been taken 344 times
  • The average score is 19 of 50
Answer Stats
Player Name APP Goals % Correct
Wayne Rooney 559 253
99%
Cristiano Ronaldo 346 145
94%
Ryan Giggs 961 167
85%
Marcus Rashford 394 131
83%
Sir Bobby Charlton 689 233
81%
Paul Scholes 716 155
80%
Ruud Van Nistelrooy 219 150
77%
David Beckham 394 85
73%
Bruno Fernandes 223 72
71%
George Best 418 158
67%
Andy Cole 275 121
66%
Robin Van Persie 105 58
64%
Dwight Yorke 152 66
61%
Anthony Martial 317 90
60%
Eric Cantona 183 81
60%
Roy Keane 476 51
58%
Nani 230 41
53%
Denis Law 368 211
52%
Ole Gunnar Solskjaer 366 126
51%
Dimitar Berbatov 149 56
47%
Teddy Sheringham 153 46
46%
Paul Pogba 233 39
43%
Romelu Lukaku 96 42
43%
Mark Hughes 434 151
39%
Juan Mata 285 51
34%
Bryan Robson 411 92
32%
Chicharito 157 59
28%
Mason Greenwood 129 35
28%
Louis Saha 124 42
27%
Brian McClair 445 116
21%
Dennis Viollet 200 133
17%
Steve Bruce 393 48
16%
Andrey Kanchelskis 158 36
15%
Norman Whiteside 239 57
12%
Stan Pearson 174 78
12%
Stuart Pearson 126 44
12%
Brian Kidd 231 62
11%
Jack Rowley 173 88
11%
Lou Macari 313 67
11%
Steve Coppell 343 58
11%
Tommy Taylor 108 78
11%
Frank Stapleton 256 69
10%
David Herd 241 136
9%
Gordon Hill 117 46
9%
Joe Jordan 115 39
6%
Albert Quixall 175 54
3%
Liam Whelan 78 44
3%
Sammy Mcllroy 323 54
2%
Alex Dawson 86 50
1%
John Connelly 103 35
1%
No matching quizzes found
Score Distribution
Percent of People with Each Score
Percentile by Number Answered
Your Score History
You have not taken this quiz